00000000nam##2200000za#4500
0019.662788
003CaOODSP
00520250128101704
007ta
008150407|2001||||xxc|||||     f|0| 0 fre|d
020 |a0-662-65735-7
040 |aCaOODSP|bfre
041 |aeng
041 |afre
043 |an-cn---
0861 |aSF31-53/4-2001
1101 |aCanada. |bBureau du Commissaire aux langues officielles.
24510|aLes langues officielles au Canada: Manitoba-Saskatchewan. faits et chiffres: Manitoba-Saskatchewan
260 |aOttawa - Ontario : |bCommissariat aux langues officielles |c2001.
300 |aTexte français, 12p. ; |c28 cm.
546 |aBilingue
563 |aCouverture souple
590 |a01-47|b2001-11-23
69107|aLangue officielle|2gcpds
69107|aProvinces de l'Ouest|2gcpds
7760#|tLes langues officielles au Canada - faits et chiffres. Manitoba, Saskatchewan |w(CaOODSP)9.640087
7760#|tCanadian linguistic facts and figures. Manitoba, Saskatchewan |w(CaOODSP)9.695967
791 |tCanadian linguistic facts and figures: Manitoba-Saskatchewan |eeng|w(CaOODSP)9.662787